Responses for Show #4186 - Monday, November 11, 2002

2002 College Championship quarterfinal game 1.
From the Schottenstein Center at the Ohio State University in Columbus.

Contestants

[<< previous game]

Katie Orphan, a freshman at Whitworth College from Reno, Nevada

Adam Kay, a sophomore at Salt Lake Community College from West Jordan, Utah

Jara Dorsey, a senior at Carnegie Mellon University from Steubenville, Ohio

[next game >>]

Jeopardy! Round responses

CLIFFS NOTES
(Alex: You have to identify the work, of course.)
AWARDS & HONORS
FIRST LADIES
NURSERY RHYME RAP
THE OLD WEST
IN THE DICTIONARY
    $200 5
Hamlet

Jara
    $200 1
Cannes Film Festival

Adam
    $200 16
Abigail Adams

Katie
    $200 27
bells

Katie
    $200 2
Annie Oakley

Adam
    $200 14
noon

Adam
    $400 6
A Streetcar Named Desire

Katie
    $400 4
architecture

Jara
    $400 17
Martha Washington

Jara
    $400 20
the wall

Jara
    $400 3
(Jara: Who is Wild Bill Hickok?)

Buffalo Bill Cody

JaraKatie
    $400 15
adjourn

Katie
    $600 7
Anna Karenina

Jara
    $600 8
NAACP

Adam
    $600 24
(Alex: The uncle was Theodore Roosevelt.)

Eleanor Roosevelt

Katie
    $600 21
Three Blind Mice

Jara
    $600 9
O.K. Corral

Adam
    $600 28
(to) bear

Triple Stumper
    $800 11
Cyrano de Bergerac

Jara
    $1,000 18
Edgar Allan Poe

Jara
    $800 25
Barbara Bush

Triple Stumper
    $800 22
Little Boy Blue

Katie
    $800 10
Masterson

Katie
    $800 29
(Jara: What is geometry?)

trigonometry

JaraKatie
    $1000 12
For Whom the Bell Tolls

Adam
    $1000 19
American Foundation for the Blind

Triple Stumper
    $1000 26
Dolley Madison

Jara
    $1000 23
(Alex: Minute to go, Katie.)

Bobby Shafto

Triple Stumper
    $1000 13
Pat Garrett

Adam
    $1000 30
obbligato

Jara

Scores at the first commercial break (after clue 13):

Jara Adam Katie
$1,600 $3,600 $1,600

Scores at the end of the Jeopardy! Round:

Jara Adam Katie
$5,200 $3,800 $4,600

Double Jeopardy! Round responses

HUMAN BODY OF KNOWLEDGE
OHIO ENTERTAINERS
GETTING KNOTTY
FESTIVALS
THERE'S A WHOLE WORLD OUT THERE
COMMENCEMENT CLICHES
    $400 9
Achilles tendon

Jara
    $400 4
Clark Gable

Jara
    $400 2
(Katie: What is a grandma knot?)
....
(Alex: It's the right person, but the wrong phraseology.)

granny knot

AdamKatie
    $400 1
(Jara: What is Ramadan?)

the first day after Ramadan

Jara
Triple Stumper
    $400 20
Nile River

Adam
    $400 25
change

Katie
    $800 10
pituitary gland

Jara
    $800 5
Molly Shannon

Jara
    $800 3
(Alex: Why did he do that, I wonder? Don't answer!)

cherries

Jara
    $800 14
Edinburgh

Adam
    $800 21
New Zealand

Katie
    $800 26
stop and smell the roses

Jara
    $1200 11
(Katie: What is the cartesian vertebrae?)

atlas vertebra

Katie
Triple Stumper
    $1200 6
Macy Gray

Jara
    $1200 16
suture

Jara
    $5,000 15
(Adam: What is rowing?)

ice fishing

Adam
    $1200 22
(Jara: What is Florence?)

Bologna

Jara
Triple Stumper
    $1200 28
wake

Katie
    $1600 12
metacarpals

Jara
    $2,000 7
Carmen Electra

Jara
    $1600 17
bowline

Triple Stumper
    $1600 18
Louisiana

Katie
    $1600 23
Mayo

Triple Stumper
    $1600 29
(Jara: What is "The Road Less Traveled?")

"The Road Not Taken"

Jara
Triple Stumper
    $2000 13
medulla oblongata

Jara
    $2000 8
Chrissie Hynde

Jara
    $2000 27
the Gordian Knot

Jara
    $2000 19
Immaculate Conception

Triple Stumper
    $2000 24
(Alex: We have a minute left now.)

Mongolia

Katie
    $2000 30
an end

Katie

Scores at the end of the Double Jeopardy! Round:

Jara Adam Katie
$18,000 $400 $11,000

Final Jeopardy! Round responses

THEORIES OF SCIENCE
AdamWhat Is A Worm
$400
KatieWhat is a worm?
$11,000
JaraWhat is a mole?
$2,000
a worm

Final scores:

Jara Adam Katie
$16,000 $800 $22,000
2nd place: $2,500 if eliminated 3rd place: $2,500 if eliminated Automatic semifinalist

Game dynamics:

Coryat scores:

Jara Adam Katie
$17,400 $5,400 $11,000
23 R
(including 2 DDs),
5 W
10 R,
1 W
(including 1 DD)
15 R,
2 W

Combined Coryat: $33,800

[game clues] [game scores] [suggest correction]

Game tape date: 2002-10-05
The J! Archive is created by fans, for fans. Scraping, republication, monetization, and malicious use prohibited; this site may use cookies and collect identifying information. See terms. The Jeopardy! game show and all elements thereof, including but not limited to copyright and trademark thereto, are the property of Jeopardy Productions, Inc. and are protected under law. This website is not affiliated with, sponsored by, or operated by Jeopardy Productions, Inc. Join the discussion at JBoard.tv.